Manažment kvality vybrané metódy zlepšovania kvality

Na minha lista:
Detalhes bibliográficos
Autor principal: Džubáková, Martina
Autor Corporativo: Ekonomická univerzita v Bratislave. Fakulta podnikového manažmentu
Outros Autores: Kapusta, Ján, Lichnerová, Linda, Leščišin, Michal, Čollák, Mikuláš
Formato: Livro
Idioma:eslovaco
Publicado em: Bratislava Vydavateľstvo EKONÓM 2011
Edição:1. vyd.
Assuntos:
Tags: Adicionar Tag
Sem tags, seja o primeiro a adicionar uma tag!

MARC

LEADER 00000nam a2200000 4500
001 0145145
005 20240502072616.4
020 |a 978-80-225-3198-6 
041 0 |a slo 
044 |a SK 
245 1 0 |a Manažment kvality  |b vybrané metódy zlepšovania kvality  |c Martina Džubáková, Ján Kapusta, Linda Lichnerová 
250 |a 1. vyd. 
264 1 |a Bratislava  |b Vydavateľstvo EKONÓM  |c 2011 
300 |a 140 s. [7,462 AH] 
610 2 0 |a riadenie kvality 
610 2 0 |a manažment 
610 2 0 |a kvalita 
610 2 0 |a vývoj 
610 2 0 |a výroba 
610 2 0 |a služby 
610 2 0 |a dodávatelia 
100 1 |a Džubáková, Martina 
700 1 |a Kapusta, Ján 
700 1 |a Lichnerová, Linda 
700 1 |a Leščišin, Michal 
700 1 |a Čollák, Mikuláš 
710 2 |a Ekonomická univerzita v Bratislave. Fakulta podnikového manažmentu